01267nam a2200313 a 4500001001200000003000800012006001900020007001500039008004100054010001700095020003600112020002600148020002700174040002100201035002100222050002400243082001800267100002300285245011300308260005500421300002200476504006600498533015200564650004200716650002300758655002900781710001700810856012600827ebr10395593CaPaEBRm u cr cn|||||||||990615s1999 miua sb 001 0 eng d z 99033759  z0472110497 (cloth : alk. paper) z9780472110490 (cloth) z9780472023455 (e-book) aCaPaEBRcCaPaEBR a(OCoLC)65166352314aT57.95b.D35 1999eb04a658.4/0332211 aDaneke, Gregory A.10aSystemic choicesh[electronic resource] :bnonlinear dynamics and practical management /cGregory A. Daneke. aAnn Arbor :bUniversity of Michigan Press,cc1999. ax, 277 p. :bill. aIncludes bibliographical references (p. [233]-271) and index. aElectronic reproduction.bPalo Alto, Calif. :cebrary,d2013.nAvailable via World Wide Web.nAccess may be limited to ebrary affiliated libraries. 0aDecision makingxMathematical models. 0aNonlinear systems. 7aElectronic books.2local2 aebrary, Inc.40uhttp://site.ebrary.com/lib/rucke/Doc?id=10395593zAn electronic book accessible through the World Wide Web; click to view